Normal view
MARC view
- Ali, Basit
Entry Personal Name
001 - CONTROL NUMBER
- control field: 130764
003 - CONTROL NUMBER IDENTIFIER
- control field: NUST
005 - DATE AND TIME OF LATEST TRANSACTION
- control field: 20250929134118.0
008 - FIXED-LENGTH DATA ELEMENTS
- fixed length control field: 250929|| aca||aabn | a|a d
040 ## - CATALOGING SOURCE
- Original cataloging agency: NUST
- Transcribing agency: NUST
100 ## - HEADING--PERSONAL NAME
- Personal name: Ali, Basit
670 ## - SOURCE DATA FOUND
- Source citation: Work cat.: (NUST): Ali, Basit , Enhanced S-Box Classification Using Machine Learning for Cryptographic Design Optimization/
